书目信息 |
| 题名: |
复旦大学学生优秀英语作文选评
|
|
| 作者: | 邱东林 , 汪中平 主编 | |
| 分册: | ||
| 出版信息: | 北京 北京大学出版社 2004.12 |
|
| 页数: | 554页 | |
| 开本: | 21cm | |
| 丛书名: | 名校大学生英语习作系列 | |
| 单 册: | ||
| 中图分类: | H315 | |
| 科图分类: | ||
| 主题词: | 英语--作文--大学生--选集 | |
| 电子资源: | ||
| ISBN: | 7-301-07728-9 | |
| 000 | 01068nam 2200265 450 | |
| 001 | 0140107351 | |
| 005 | 20050523162326.18 | |
| 010 | @a7-301-07728-9@dCNY28.00 | |
| 100 | @a20050408d2004 km y0chiy0120 ea | |
| 101 | 0 | @achi@aeng |
| 102 | @aCN@b110000 | |
| 105 | @ay z 000yy | |
| 200 | 1 | @a复旦大学学生优秀英语作文选评@Afu dan da xue xue sheng you xiu ying yu zuo wen xuan ping@d= Model compositions by students of Fudan university@f邱东林, 汪中平主编@Fqiu dong lin,wang zhong ping zhu bian@zeng |
| 210 | @a北京@c北京大学出版社@d2004.12 | |
| 215 | @a554页@d21cm | |
| 225 | 2 | @a名校大学生英语习作系列 |
| 330 | @a本书所选文章题材广泛,比较客观全面地反映了复旦大学学生的英语写作能力。全书分记叙文类和议论文类两部分,对每篇文章都作了简要评语。 | |
| 410 | 0 | @12001 @a名校大学生英语习作系列 |
| 510 | 1 | @aModel compositions by students of Fudan university@zeng |
| 606 | 0 | @a英语@x作文@x大学生@x选集 |
| 690 | @aH315@v4 | |
| 701 | 0 | @a邱东林@Aqiu dong lin@4主编 |
| 701 | 0 | @a汪中平@Awang zhong ping@4主编 |
| 801 | 0 | @aCN@bQSSK@c20050523 |
| 905 | @dH315@eQ713 | |
| 复旦大学学生优秀英语作文选评= Model compositions by students of Fudan university/邱东林, 汪中平主编.-北京:北京大学出版社,2004.12 |
| 554页;21cm.-(名校大学生英语习作系列) |
| ISBN 7-301-07728-9:CNY28.00 |
| 本书所选文章题材广泛,比较客观全面地反映了复旦大学学生的英语写作能力。全书分记叙文类和议论文类两部分,对每篇文章都作了简要评语。 |
| ● |
| 相关链接 |
|
|
|
正题名:复旦大学学生优秀英语作文选评
索取号:H315/Q713
 
预约/预借
| 序号 | 登录号 | 条形码 | 馆藏地/架位号 | 状态 | 备注 |
| 1 | 498462 | 204984623 | 语言库209/209语言库 37排5列5层/ [索取号:H315/Q713] | 在馆 | |
| 2 | 498463 | 204984632 | 语言库209/209语言库 37排5列5层/ [索取号:H315/Q713] | 在馆 | |
| 3 | 498464 | 204984641 | 语言库209/209语言库 37排5列5层/ [索取号:H315/Q713] | 在馆 |